Statistiken für Alle Minderheiten Luxemburgs

Klicken Sie hier um das Quiz zu spielen!

Allgemein

  • Dieses Quiz wurde 54 mal gespielt
  • Das Durchschnittsergebnis liegt bei 15 aus 19

Antwortstatistiken

BevölkerungLand% Korrekt
19,823Belgien
100%
12,849Deutschland
100%
47,805Frankreich
98%
4,168Niederlande
98%
22,996Italien
95%
7,202Spanien
95%
5,317Vereinigtes Königreich
95%
95,057Portugal
93%
3,925China
91%
4,844Polen
91%
2,334USA
86%
2,804Indien
80%
5,724Rumänien
73%
2,266Syrien
70%
2,449Brasilien
68%
2,027Irland
61%
3,673Griechenland
59%
2,572Kap Verde
14%
3,163Montenegro
11%

Verteilung der Resultate

Perzentil nach korrekt beantworteten Fragen

Anzahl Personen mit jedem Resultat

Ihre Resultats-Entwicklung

Sie haben dieses Quiz noch nicht gespielt